| 000 | 00571nam a2200193 a 4500 | ||
|---|---|---|---|
| 001 | 8251 | ||
| 003 | CO-ViMGA | ||
| 008 | 141112s2004 ck r 000 u spa d | ||
| 040 |
_aCO-ViMGA _bspa _cCO-ViMGA |
||
| 082 | 0 | 4 | _aCo861.44 A91s |
| 100 | 1 |
_aAyarza, Emilia _98081 |
|
| 245 | 1 | 0 |
_aSolo el canto / _cAyarza Emilia |
| 260 |
_aBogotá, _cMagisterio, _c1996 |
||
| 300 | _a100 p. | ||
| 490 | _apiedra de sol | ||
| 590 | _aForma de adquisición : donacion - - Proveedor : Biblioteca Luis Ángel Arango | ||
| 650 | 1 | 4 |
_apoesia colombiana - siglo xx _92302 |
| 942 |
_2ddc _cBK |
||
| 999 |
_c20060 _d20060 |
||